Volleyball Quiz - True or False? - Statistics

General Stats
  • This quiz has been taken 5,030 times
  • The average score is 12 of 15
Answer Stats
Question Answer % Correct
Serves can be blocked. False
90%
Players cannot step outside the court lines during a game. False
89%
The setter wears a different colored jersey from the rest of the team. False
87%
A "floater" is when you serve the ball with a flat hand, resulting in zero spin. True
86%
A block does not count as a "touch". True
83%
No more than 2 players may block at the same time. False
82%
A "pancake" is when you serve the ball with a flat hand, resulting in zero spin. False
80%
The libero can be subbed in and out of the match an unlimited amount of times. True
80%
After a block, the same player who performed it is allowed to retouch the ball immediately (without another teammate touching it before him/her). True
79%
The libero is not allowed to perform an overhand set (hands above head). False
76%
An underhand serve is not allowed in official matches. False
75%
Liberos are allowed to spike. False
74%
Serves cannot be performed using a player's feet. True
73%
The ball has to be passed/touched 3 times before it goes over to the opposing team's side. False
72%
If two players touch the ball simultaneously, it counts as one touch. True
41%
No matching quizzes found
Score Distribution
Percent of People with Each Score
Percentile by Number Answered
Your Score History
You have not taken this quiz